000 00441 a2200169 4500
999 _c9299
_d9299
020 _a9781844800339
050 _aHF5635 ALE 2004
100 _aAlexander, D
_eAuthor
245 _aFinancial reporting
250 _aSeventh Edition
264 _aAustralia
_bThomson
_c2004
300 _axii, 740p.
_bill.
500 _aIncludes index
650 _aFinance
700 _aAnne Britton
_eAuthor
942 _2lcc
_cBK
_eSeven Edition
_h5635
_iALE
_kHF